Εφαρμογή του υδρολογικού μοντέλου ArcHydro στο Δυτικό τμήμα του Δήμου Νάουσας και χρησιμοποίησης των δεδομένων για εντοπισμό θέσεων δημιουργίας μικρών φραγμάτων : μεταπτυχιακή διατριβή
Αποθηκεύτηκε σε:
| Κύριος συγγραφέας: | |
|---|---|
| Συγγραφή απο Οργανισμό/Αρχή: | |
| Άλλοι συγγραφείς: | |
| Μορφή: | Thesis Βιβλίο |
| Γλώσσα: | Greek |
| Δημοσίευση: |
Μυτιλήνη :
Πανεπιστήμιο Αιγαίου, Τμήμα Περιβάλλοντος, Πρόγραμμα Μεταπτυχιακών Σπουδών Περιβαλλοντική Πολιτική και Διαχείριση,
2005
|
| Θέματα: | |
| Διαθέσιμο Online: | http://hdl.handle.net/11610/15096 |
| Ετικέτες: |
Προσθήκη ετικέτας
Δεν υπάρχουν, Καταχωρήστε ετικέτα πρώτοι!
|
MARC
| LEADER | 00000cam a2200000 i 4500 | ||
|---|---|---|---|
| 001 | 1/34206 | ||
| 008 | 060911s2005 gre d | ||
| 035 | |l 10085158 | ||
| 040 | |a GR-MY-UA |b gre |e aacr | ||
| 041 | 0 | |a gre | |
| 082 | 0 | |a 551.48 |2 (22) | |
| 100 | 1 | |a Κουταλακίδης, Στυλιανός Α. | |
| 245 | 1 | 0 | |a Εφαρμογή του υδρολογικού μοντέλου ArcHydro στο Δυτικό τμήμα του Δήμου Νάουσας και χρησιμοποίησης των δεδομένων για εντοπισμό θέσεων δημιουργίας μικρών φραγμάτων : |b μεταπτυχιακή διατριβή / |c Κουταλακίδης Στυλιανός Α. ; υπεύθυνος καθηγητής Χατζόπουλος Ιωάννης Ν. |
| 260 | |a Μυτιλήνη : |b Πανεπιστήμιο Αιγαίου, Τμήμα Περιβάλλοντος, Πρόγραμμα Μεταπτυχιακών Σπουδών Περιβαλλοντική Πολιτική και Διαχείριση, |c 2005 | ||
| 300 | |a 165 σ.; |b εικ.; |c 30 εκ. | ||
| 502 | |a Διατριβή (μεταπτυχιακή) – Πανεπιστήμιο Αιγαίου, Λέσβος, 2005. | ||
| 504 | |a Βιβλιογραφία: σ. 129-132 | ||
| 650 | 0 | 0 | |a Hydrology |x Research. |
| 650 | 0 | 0 | |a Hydrology |z Naousa (Emathia, Greece) |
| 650 | 0 | 0 | |a Hydrologic models. |
| 650 | 0 | 0 | |a Hydrology |x Geographic information systems. |
| 650 | 0 | 0 | |a Dissertations, Academic |z Greece. |
| 700 | 1 | |a Χατζόπουλος, Ιωάννης Ν. |4 ths | |
| 710 | 2 | |a Πανεπιστήμιο Αιγαίου |b Σχολή Περιβάλλοντος |b Τμήμα Περιβάλλοντος |b Πρόγραμμα Μεταπτυχιακών Σπουδών Περιβαλλοντική Πολιτική και Διαχείριση. | |
| 852 | |a INST |b LESVOS |c DIATR |e 20060911 |h 279 |p 005100035227 |q 005100035227 |t MTXE |y 23 | ||
| 852 | |a INST |b LESVOS |c DIATR |e 20060911 |h 280 |p 005100035226 |q 005100035226 |t MTXE |y 23 | ||
| 856 | |u http://hdl.handle.net/11610/15096 | ||
| 901 | |a BIBL1-2006-2 | ||
| 909 | |a Λ |b 126383 | ||
| 909 | |a Λ |b 126384 | ||
| 924 | |a ΚΟΥΤΑΛΑΚΙΔΗΣ |b ΣΤΥΛΙΑΝΟΣ Α. |y ΛΕΣΒΟΣ |z 2006-08 | ||
| 970 | |a ΜΑΡΙΝΑΤΟΥ |b ΜΥΡΣΙΝΗ |z 2006/09/11 | ||